| 000 -CABECERA |
| fixed length control field |
00921nam a22002537a 4500 |
| 003 - IDENTIFICADOR DEL NÚMERO DE CONTROL |
| control field |
AR-CdUCM |
| 008 - DATOS DE LONGITUD FIJA--INFORMACIÓN GENERAL |
| fixed length control field |
190325b ||||| |||| 00| 0 spa d |
| 020 ## - NÚMERO INTERNACIONAL ESTÁNDAR DEL LIBRO |
| ISBN |
84-301-0588-3 |
| 040 ## - FUENTE DE LA CATALOGACIÓN |
| Agencia/entidad que catalogó originalmente la obra |
MUNICIPALIDAD PROVINCIAL DEL CUSCO |
| Entidad que transcribió la catalogación |
BIBLIOTECA MUNICIPAL DEL CUSCO |
| 082 ## - NÚMERO DE LA CLASIFICACIÓN DECIMAL DEWEY |
| No. de la edición |
2ed. |
| No. de Clasificación |
261 / |
| Notacion interna |
AR69 |
| 100 ## - ENTRADA PRINCIPAL--NOMBRE DE PERSONA |
| Nombre Personal |
Arias, Juan |
| 245 ## - MENCIÓN DE TÍTULO |
| Título |
La ultima dimensión : |
| Resto del título |
Libertad , conciencia, creatividad / |
| 260 ## - PUBLICACIÓN, DISTRIBUCIÓN, ETC. |
| Lugar de publicación, distribución, etc. |
España : |
| Nombre de la editorial, distribuidor, etc. |
Sigueme - Salamanca, |
| Fecha de publicación, distribución, etc. |
1974. |
| 300 ## - DESCRIPCIÓN FÍSICA |
| Nº de Páginas Extensión |
181 paginas ; |
| Dimensiones |
17 cm. |
| 505 ## - NOTA DE CONTENIDO CON FORMATO |
| Nota de contenido formateada |
Contenido : El hombre en busca de si mismo -- Creatividad y libertad -- La libertad de conciencia -- Carta a los poderosos -- Carta a los esclavos... |
| 650 ## - PUNTO DE ACCESO ADICIONAL DE MATERIA--TÉRMINO DE MATERIA |
| Descriptor |
Dimensión |
| 9 (RLIN) |
23430 |
| 650 ## - PUNTO DE ACCESO ADICIONAL DE MATERIA--TÉRMINO DE MATERIA |
| Descriptor |
Evangelios |
| 9 (RLIN) |
3175 |
| 650 ## - PUNTO DE ACCESO ADICIONAL DE MATERIA--TÉRMINO DE MATERIA |
| Descriptor |
Esperanza |
| 9 (RLIN) |
3624 |
| 700 ## - PUNTO DE ACCESO ADICIONAL--NOMBRE DE PERSONA |
| Nombre Personal |
Ortiz, Alfonso (Traductor) |
| 9 (RLIN) |
23431 |
| 942 ## - ELEMENTOS DE PUNTO DE ACCESO ADICIONAL (KOHA) |
| Fuente de clasificación |
|
| Tipo de item |
Libros-BMC |
| 945 ## - PROCESAMIENTO DE INFORMACIÓN LOCAL (OCLC) |
| Catalogador |
wnts |